000 00326 a2200109 4500
001 ART_46442
005 20260410161953.0
008 260409a
245 1 0 _aEl contrato de consumo
100 1 _aAlvarez Larrondo, Federico M.
773 0 _tTemas de derecho comercial
_g- Año 4, N° 3 (mar. 2018)
_wREV28151
999 _c30599
_d30599